1001 Favourite Poems (Record no. 214386)

MARC details
000 -LEADER
fixed length control field 00542nam a22001937a 4500
005 - DATE AND TIME OF LATEST TRANSACTION
control field 20260121124811.0
010 ## - LCCN (DPL NO)
LC control number ENG-147595
020 ## - INTERNATIONAL STANDARD BOOK NUMBER
International Standard Book Number 9789357319270
Terms of availability 999.00
035 ## - SYSTEM CONTROL NUMBER
System control number EN-131127
037 ## - SOURCE OF ACQUISITION
Source of stock number/acquisition DBAD
082 ## - DEWEY DECIMAL CLASSIFICATION NUMBER
Classification number 881
Edition number 1
245 ## - TITLE STATEMENT
Title 1001 Favourite Poems
250 ## - EDITION STATEMENT
Edition statement 1
260 ## - PUBLICATION, DISTRIBUTION, ETC. (IMPRINT)
Place of publication, distribution, etc Gurugram
Name of publisher, distributor, etc Hachette Book Publishing Pvt. Ltd.
Date of publication, distribution, etc 2025
270 ## - ADDRESS
Address 4th&5th Floors, Corporate Centre Plot No. 94, Sector 44,
City Gurugram
Postal code 122003
300 ## - PHYSICAL DESCRIPTION
Extent 668p.
Dimensions 24cm(hb)
760 ## - MAIN SERIES ENTRY
Edition 1
942 ## - ADDED ENTRY ELEMENTS (KOHA)
Source of classification or shelving scheme Dewey Decimal Classification
Item type English Books
Classification part 881
Call number suffix FAV
Edition 1
Holdings
Withdrawn status Lost status Not for loan Collection code Home library Current library Date acquired Source of acquisition Cost, normal purchase price Full call number Barcode Copy number Cost, replacement price Koha item type
    Not For Loan Non-fiction D.B.Act.Division D.B.Act.Division 21/01/2026 Delivery of Books Act Division 999.00 881 FAV EN-131127 1 999.00 English Books

© Delhi Public Library
Hit Counter
free hit counter